Notas de viaje por América del Sur /

Guardado en:
Autor Principal: Clemenceau, Georges
Otros Autores: Ruiz, Miguel, trad., Costantini, Pablo, dir
Formato: Libro
Publicado: Buenos Aires : Hyspamérica
Series:Biblioteca argentina de historia y política/ dirigida por Pablo Costantini ; 61
Materias:
Etiquetas: Agregar Etiqueta
Sin Etiquetas, Sea el primero en etiquetar este registro!
LEADER 00784nam a22002295a 4500
001 EHU.bham029321
008 130507b19--##################000#0#####d
005 20200407134549.0
245 1 0 |a Notas de viaje por América del Sur /  |c Georges Clemenceau ; trad. por Miguel Ruiz. 
260 |a Buenos Aires :  |b Hyspamérica 
300 |a 253 p. 
490 0 |a Biblioteca argentina de historia y política/ dirigida por Pablo Costantini ;  |v 61 
020 |a 9506145059 
100 1 |a Clemenceau, Georges 
700 1 |a Ruiz, Miguel, trad. 
700 1 |a Costantini, Pablo, dir 
082 9 1 |a 910.4 
653 |a Viajes y viajeros 
653 |a Política francesa 
653 |a América del Sur 
653 |a Historia de América Latina 
859 |a AR-BHAM  |b BIB. HUMANIDADES - General  |h 910.4  |i C58  |p 111.06  |t Ej.1